An unfettered press (Record no. 5470)

MARC details
000 -LEADER
fixed length control field 00580nam a22001937a 4500
003 - CONTROL NUMBER IDENTIFIER
control field OSt
005 - DATE AND TIME OF LATEST TRANSACTION
control field 20251105030030.0
008 - FIXED-LENGTH DATA ELEMENTS--GENERAL INFORMATION
fixed length control field 251105b |||||||| |||| 00| 0 eng d
040 ## - CATALOGING SOURCE
Original cataloging agency DWCL Main lib
Transcribing agency OC
082 ## - DEWEY DECIMAL CLASSIFICATION NUMBER
Classification number Circ. 323.44 Un57 1992
100 ## - MAIN ENTRY--PERSONAL NAME
Personal name Burrell, Hedley
245 ## - TITLE STATEMENT
Title An unfettered press
Statement of responsibility, etc. Hedley Burrell
260 ## - PUBLICATION, DISTRIBUTION, ETC.
Place of publication, distribution, etc. Va
Name of publisher, distributor, etc. Center for Foreign Journalists,
Date of publication, distribution, etc. c1992.
300 ## - PHYSICAL DESCRIPTION
Extent 95 pages :
Other physical details colored illustration ;
Dimensions 23 cm.
650 ## - SUBJECT ADDED ENTRY--TOPICAL TERM
Source of heading or term 1. Freedom of the press.
650 ## - SUBJECT ADDED ENTRY--TOPICAL TERM
Source of heading or term 2. Intellectual freedom.
650 ## - SUBJECT ADDED ENTRY--TOPICAL TERM
Source of heading or term 3. Press.
942 ## - ADDED ENTRY ELEMENTS (KOHA)
Source of classification or shelving scheme Dewey Decimal Classification
Koha item type Book Circulation
Call number prefix Circ.
Suppress in OPAC No
952 ## - LOCATION AND ITEM INFORMATION (KOHA)
--
952 ## - LOCATION AND ITEM INFORMATION (KOHA)
--
952 ## - LOCATION AND ITEM INFORMATION (KOHA)
--
Holdings
Withdrawn status Lost status Source of classification or shelving scheme Damaged status Not for loan Home library Current library Shelving location Date acquired Source of acquisition Cost, normal purchase price Total Checkouts Full call number Barcode Date last seen Copy number Price effective from Koha item type Uniform Resource Identifier
    Dewey Decimal Classification     College Library College Library Circulation 09/18/2008 Donation 0.00   Circ. 323.44 Un57 1992 46195 11/05/2025 c1 11/05/2025 BK-CIRC
    Dewey Decimal Classification     College Library College Library Circulation 09/18/2008 Donation 0.00   Circ. 323.44 Un57 1992 46194 11/05/2025 c2 11/05/2025 BK-CIRC
    Dewey Decimal Classification     College Library College Library Circulation 09/18/2008 Donation 0.00   Circ. 323.44 Un57 1992 46193 11/05/2025 c3 11/05/2025 BK-CIRC